| 000 | 00358nam a2200145Ia 4500 | ||
|---|---|---|---|
| 005 | 20251222141952.0 | ||
| 008 | 251222s9999||||xx |||||||||||||| ||spa|| | ||
| 020 | _a9786123024864 | ||
| 082 | _a371.102/C95 | ||
| 100 | _aCuevas Cipriano, Rudy | ||
| 245 | 0 | _aDidáctica General y Calidad Educativa | |
| 250 | _a1ra. ed. | ||
| 264 | _bSan Marcos | ||
| 942 | _cLIB | ||
| 999 |
_c9705 _d9705 |
||